Avtomatizirovannoje projektirovanije elektronnych schem
Guardado en:
| Autor principal: | |
|---|---|
| Otros Autores: | , |
| Formato: | Libro |
| Lenguaje: | ruso |
| Publicado: |
Kijev
Technika
1987
|
| Edición: | 1. izd. |
| Etiquetas: |
Sin Etiquetas, Sea el primero en etiquetar este registro!
|
MARC
| LEADER | 00000nam a2200000 4500 | ||
|---|---|---|---|
| 001 | c030535 | ||
| 005 | 20221219132848.8 | ||
| 041 | 0 | |a rus | |
| 044 | |a UA | ||
| 245 | 1 | 0 | |a Avtomatizirovannoje projektirovanije elektronnych schem |c Jurij Maksimovič Kalnibolotskij, Konstantin Stanislavovič Sundučkov, Anatolij Ivanovič Solodovnik |
| 250 | |a 1. izd. | ||
| 264 | 1 | |a Kijev |b Technika |c 1987 | |
| 300 | |a 298 s. | ||
| 100 | 1 | |a Kalnibolotskij, Jurij Maksimovič | |
| 700 | 1 | |a Sundučkov, Konstantin Stanislavovič | |
| 700 | 1 | |a Solodovnik, Anatolij Ivanovič | |